| 000 | 00255 a2200109 4500 | ||
|---|---|---|---|
| 999 |
_c243405 _d243405 |
||
| 001 | 8332 | ||
| 003 | NUST | ||
| 005 | 20180124120716.0 | ||
| 008 | 180124b xxu||||| |||| 00| 0 eng d | ||
| 082 | _a923.143 BUL | ||
| 100 |
_aBullock, A _99669 |
||
| 245 |
_aHitler: A study in tyranny _hEnglish |
||
| 260 |
_bOdham _a1952 |
||
| 942 |
_aNUST-CAE _cBK _cBK _k923.143 BUL _2ddc |
||